Phillips and others v Francis (Record no. 84536)
[ view plain ]
| 000 -LEADER | |
|---|---|
| fixed length control field | 01424cad a22002175a 4500 |
| 001 - CONTROL NUMBER | |
| control field | L158239 |
| 008 - FIXED-LENGTH DATA ELEMENTS--GENERAL INFORMATION | |
| fixed length control field | 141103e20141221xxk 000 0 eng d |
| 035 ## - SYSTEM CONTROL NUMBER | |
| System control number | (Sirsi) u158239 |
| 041 0# - LANGUAGE CODE | |
| Language code of text/sound track or separate title | eng |
| 245 00 - TITLE STATEMENT | |
| Title | Phillips and others v Francis |
| Medium | [electronic resource] |
| 520 ## - SUMMARY, ETC. | |
| Summary, etc. | [2014] EWCA Civ 1395, 31 October 2014. Lessors F appealed against HC decision [2012] EWHC 3650 (Ch), 21 Dec 2012 (L157608) regarding the calculation of management charges and lack of consultation for qualifying works under the Landlord and Tenant Act 1985 s20. "Held" appeal allowed in part. Qualifying works provisions limiting tenants contributions under s20 of the 1985 Act were not to be interpreted in such a way that landlords were required to consult tenants on any service charge however small once the limited for contributions had been reached even for emergency work would not be practical and could lead to administrative problems for landlord and tenant. Management charges are not recoverable under service charge provisions in the lease. |
| 650 24 - SUBJECT ADDED ENTRY--TOPICAL TERM | |
| Topical term or geographic name entry element | PHILLIPS V FRANCIS |
| 650 24 - SUBJECT ADDED ENTRY--TOPICAL TERM | |
| Topical term or geographic name entry element | SERVICE CHARGES |
| 650 24 - SUBJECT ADDED ENTRY--TOPICAL TERM | |
| Topical term or geographic name entry element | QUALIFYING WORKS |
| 650 24 - SUBJECT ADDED ENTRY--TOPICAL TERM | |
| Topical term or geographic name entry element | CONSULTATION |
| 650 24 - SUBJECT ADDED ENTRY--TOPICAL TERM | |
| Topical term or geographic name entry element | LANDLORD AND TENANT ACT 1985 S20 |
| 651 #4 - SUBJECT ADDED ENTRY--GEOGRAPHIC NAME | |
| Geographic name | England and Wales |
| Chronological subdivision | 1543- |
| 690 ## - LOCAL SUBJECT ADDED ENTRY--TOPICAL TERM (OCLC, RLIN) | |
| Topical term or geographic name as entry element | Landlord and tenant |
| 9 (RLIN) | 6252 |
| 856 40 - ELECTRONIC LOCATION AND ACCESS | |
| Uniform Resource Identifier | <a href="https://www.bailii.org/ew/cases/EWCA/Civ/2014/1395.html">https://www.bailii.org/ew/cases/EWCA/Civ/2014/1395.html</a> |
| Public note | View the law report free of charge at www.bailii.org |
| 942 ## - ADDED ENTRY ELEMENTS (KOHA) | |
| Suppress in OPAC | 0 |
| Withdrawn status | Lost status | Source of classification or shelving scheme | Damaged status | Not for loan | Home library | Current library | Shelving location | Date acquired | Total Checkouts | Full call number | Barcode | Date last seen | Copy number | Price effective from | Koha item type |
|---|---|---|---|---|---|---|---|---|---|---|---|---|---|---|---|
| Dewey Decimal Classification | Virtual | Virtual | Online | 03/11/2014 | ONLINE PUBLICATION | 158239-2001 | 06/08/2019 | 1 | 06/08/2019 | Law report |